Statistics for Top 10 Biggest Economies in Asia

Click here to take the quiz!

General Stats

  • This quiz has been taken 41,867 times
    (30,975 since last reset)
  • The average score is 9 of 10

Answer Stats

GDP Country % Correct
31.5 TChina
100%
5.73 TJapan
99%
12.4 TIndia
98%
4.17 TIndonesia
93%
2.43 TSouth Korea
93%
1.96 TSaudi Arabia
88%
1.40 TThailand
86%
1.48 TIran
84%
2.42 TTurkey
75%
1.37 TTaiwan
74%

Score Distribution

Percentile by Number Answered

Percent of People with Each Score

Your Score History

You have not taken this quiz since the last reset